000 00868nas a2200289 4500
001 BR9903167
003 BR-BrBNA
005 20231205101450.0
007 ta
008 230509b bl.|||p| |||| 00| 00por d
040 _aBR-BrBNA
_bpor
_cBiblioteca Nacional de Agricultura
041 _a(Pt)
072 _aL01; L10
100 1 _aPerotto, D.
100 1 _aMoletta, J.L.
100 1 _aCubas, A.C.
245 1 _aCaracteristicas da carcaca de bovinos Canchim e Aberdeen Angus e de seus cruzamentos reciprocos terminados em confinamento
650 _aGado de Corte
650 _aCarcaca
650 _aRendimento
650 _aConfinamento
650 _aCruzamento
650 _aRaca
773 0 _tCiencia Rural (Brazil)
_xISSN 0103-8478
_g(May-Jun 1999), v. 29(2) p. 331-338
_wBR9903167
909 _a202311
_bLúcia
_c55
_dLúcia Elande
942 _2AGRIS
_n0
_cANA
999 _c162029
_d162029